SECED Newsletter (Record no. 119037)

MARC details
000 -LEADER
fixed length control field 00546cas a22001935a 4500
001 - CONTROL NUMBER
control field L138793
008 - FIXED-LENGTH DATA ELEMENTS--GENERAL INFORMATION
fixed length control field 070711c1987 xxkqr p 0 a0eng u
022 1# - INTERNATIONAL STANDARD SERIAL NUMBER
International Standard Serial Number 0967-859X
035 ## - SYSTEM CONTROL NUMBER
System control number (Sirsi) u138793
041 0# - LANGUAGE CODE
Language code of text/sound track or separate title eng
110 2# - MAIN ENTRY--CORPORATE NAME
Corporate name or jurisdiction name as entry element Society for Earthquake and Civil Engineering Dynamics
9 (RLIN) 2503
245 00 - TITLE STATEMENT
Title SECED Newsletter
260 ## - PUBLICATION, DISTRIBUTION, ETC.
Place of publication, distribution, etc. London
Name of publisher, distributor, etc. SECED
Date of publication, distribution, etc. 1987-
362 0# - DATES OF PUBLICATION AND/OR SEQUENTIAL DESIGNATION
Dates of publication and/or sequential designation 11(1) January 1997-18(1) May 2004
554 ## -
-- Four per year
651 #4 - SUBJECT ADDED ENTRY--GEOGRAPHIC NAME
Geographic name International
690 ## - LOCAL SUBJECT ADDED ENTRY--TOPICAL TERM (OCLC, RLIN)
Topical term or geographic name as entry element BUILT ENVIRONMENT-ENGINEERING-CIVIL ENGINEERING
942 ## - ADDED ENTRY ELEMENTS (KOHA)
Suppress in OPAC 0
Holdings
Withdrawn status Lost status Source of classification or shelving scheme Damaged status Not for loan Home library Current library Shelving location Date acquired Total Checkouts Full call number Barcode Date last seen Price effective from Koha item type
    Dewey Decimal Classification     London London Basement 11/07/2007   SECED NEWSLETTER 138793-1001 06/08/2019 06/08/2019 Journal